| 000 | 00352nam a2200145Ia 4500 | ||
|---|---|---|---|
| 008 | 230312s9999||||xx |||||||||||||| ||und|| | ||
| 020 | _a0-500-34301-2 | ||
| 082 |
_a728.37 _bORG-T |
||
| 100 | _aOrganized;Get | ||
| 245 | 0 | _aTerence conran storage | |
| 260 |
_blee _achina _c2010 |
||
| 300 | _a224 | ||
| 650 |
_aArchitecture _vArchitecture |
||
| 942 | _cBK | ||
| 999 |
_c12732 _d12732 |
||